Survivor Season By Episode - Statistics

General Stats
  • This quiz has been taken 9 times
  • The average score is 10 of 20
Answer Stats
Hint Answer % Correct
The Dragon Slayer Tocantins
100%
Call the Whambulance! Panama
88%
Banana Etiquette Heroes vs. Villains
75%
Dinner, Movie, and a Betrayal Africa
63%
The Sounds of Jungle Love Micronesia
63%
A Thoughtful Gesture or a Deceptive Plan All-Stars
50%
I Can Forgive Her, but I Don't Have toBecause She Screwed with My Chickens Cook Islands
50%
Apple in the Garden of Eden Gabon
50%
Jellyfish N' Chips Palau
50%
Sour Grapes The Amazon
50%
Eruption of Volcanic Magnitude Vanuatu
50%
Udder Revenge Borneo
38%
Going For The Oscar China
38%
So You Think You Can Meke Fiji
38%
Crocs, Cowboys, and City Slickers Guatemala
38%
Houdini Magic Samoa
38%
Gender Bender Thailand
38%
A Tale of Two Cities Marquesas
25%
Would You Be My Brutus Today? Pearl Islands
25%
The Gloves Come Off The Australian Outback
25%
No matching quizzes found
Score Distribution
Percent of People with Each Score
Percentile by Number Answered
Your Score History
You have not taken this quiz